000 00318nam a22001333 4500
001 206596
005 20250415115033.0
090 _a206596
100 _a20250415 ukry50
101 _aukr
102 _aUA
200 _a
801 _2unimarc
_aUA
_gpsbo
942 _cNEWSPAPER